000 02057cam a2200349 a 4500
001 13225475
005 20210414113915.0
008 030605s2001 enkab b 001 0 eng d
010 _a 2004268501
015 _aGBA1-X0585
020 _a1861525117
035 _a(OCoLC)ocm47192392
040 _aUKM
_cUKM
_dUOK
_dNGU
_dDLC
042 _alccopycat
050 0 0 _aHD39.5.B73
082 0 4 _a658.72
_221
100 1 _aBranch, Alan E.
_q(Alan Edward),
_d1933-
245 1 0 _aInternational purchasing and management /
_cAlan E. Branch.
260 _aAustralia :
_aLondon :
_bThomson Learning,
_cc2001.
300 _aviii, 342 pgs. :
_bill. ;
_c25 cm.
504 _aIncludes bibliographical references and index.
505 _aContents: Rationale of international purchasing -- Market research and selection -- Overseas culture and market environment -- Buying strategy and planning -- Logistics and globalization -- Negotiating the contract I -- Negotiating the contract II -- Import finance -- Import documentation -- International physical distriubtion strategy and management I -- International physical distriubtion strategy and management II -- Cargo Insurance -- Import customs practice -- Processing the imported consignment -- International purchasing facilitation -- Appendix A: International purchasing / trade organisations -- Appendix B: International purchasing / trade and shipping terms and abbreviations -- Appendix C - ISO technical committes.
650 0 _aIndustrial procurement.
650 0 _aPurchasing.
650 0 _aInternational trade.
856 4 1 _3Table of contents
_uhttp://www.loc.gov/catdir/toc/fy043/2004268501.html
856 4 2 _3Contributor biographical information
_uhttp://www.loc.gov/catdir/enhancements/fy1103/2004268501-b.html
856 4 2 _3Publisher description
_uhttp://www.loc.gov/catdir/enhancements/fy1103/2004268501-d.html
906 _a7
_bcbc
_ccopycat
_d2
_encip
_f20
_gy-gencatlg
942 _2lcc
_cBK
999 _c552
_d8052